[Event "Istanbul Open 2017"]
[Site "Istanbul"]
[Date "2017.09.11"]
[Round "7"]
[White "Kilic, Eray"]
[Black "Ozbag, Berat"]
[Result "1-0"]
[WhiteElo "1727"]
[BlackElo "1638"]
[Annotator "NA RC"]
[PlyCount "99"]
[EventDate "2017.??.??"]
[EventType "swiss"]
[EventCountry "TUR"]
[SourceTitle "playchess.com"]
[Source "ChessBase"]
[SourceQuality "1"]
[TimeControl "5400+30"]

1. e4 {[%emt 0:00:30]} e5 {[%emt 0:01:00]} 2. Nf3 {[%emt 0:00:00]} Nc6 {[%emt 0:00:00]} 3. Bc4 {[%emt 0:00:00]} Bc5 {[%emt 0:00:00]} 4. b4 {[%emt 0:00:00]} Bxb4 {[%emt 0:00:00]} 5. c3 {[%emt 0:00:00]} Bd6 {[%emt 0:00:00]} 6. d4 {[%emt 0:01:30]} Nf6 {[%emt 0:02:30]} 7. O-O {[%emt 0:01:30]} O-O {[%emt 0:00:30]} 8. Bg5 {[%emt 0:00:30]} h6 {[%emt 0:01:30]} 9. Bh4 {[%emt 0:00:30]} Re8 {[%emt 0:00:00]} 10. Re1 {[%emt 0:02:30]} g6 {[%emt 0:18:00]} 11. Bd5 {[%emt 0:20:30]} Be7 {[%emt 0:09:30]} 12. Bxc6 {[%emt 0:14:30]} dxc6 {[%emt 0:01:30]} 13. Nxe5 {[%emt 0:00:30]} Nd7 {[%emt 0:08:30]} 14. Bg3 {[%emt 0:07:30]} Nxe5 {[%emt 0:00:30]} 15. Bxe5 {[%emt 0:00:00]} Bd6 {[%emt 0:01:30]} 16. Bxd6 {[%emt 0:03:00]} Qxd6 {[%emt 0:03:30]} 17. e5 {[%emt 0:07:30]} Qd5 {[%emt 0:01:30]} 18. Nd2 {[%emt 0:00:00]} Rd8 {[%emt 0:13:30]} 19. Ne4 {[%emt 0:01:00]} Kg7 {[%emt 0:01:30]} 20. Nf6 {[%emt 0:01:30]} Qc4 {[%emt 0:02:30]} 21. Qf3 {[%emt 0:00:30]} Be6 {[%emt 0:01:30]} 22. Rab1 {[%emt 0:01:30]} c5 {[%emt 0:03:30]} 23. d5 {[%emt 0:04:30]} Bxd5 {[%emt 0:00:00]} 24. Nxd5 {[%emt 0:00:00]} Qxd5 {[%emt 0:00:00]} 25. Qf6+ {[%emt 0:00:00]} Kh7 {[%emt 0:02:30]} 26. e6 {[%emt 0:00:30]} Qf5 {[%emt 0:03:30]} 27. Qxf5 {[%emt 0:02:30]} gxf5 {[%emt 0:00:30]} 28. e7 {[%emt 0:00:30]} Re8 {[%emt 0:00:30]} 29. Rxb7 {[%emt 0:00:30]} Kg7 {[%emt 0:00:30]} 30. Rxc7 {[%emt 0:00:30]} f6 {[%emt 0:00:30]} 31. Rxc5 {[%emt 0:00:30]} Rad8 {[%emt 0:00:30]} 32. Rc7 {[%emt 0:00:30]} Rd3 {[%emt 0:00:30]} 33. Rxa7 {[%emt 0:00:30]} Rxc3 {[%emt 0:00:30]} 34. a4 {[%emt 0:00:30]} Kf7 {[%emt 0:00:30]} 35. h3 {[%emt 0:00:30]} Ra3 {[%emt 0:00:30]} 36. Re3 {[%emt 0:00:30]} Ra1+ {[%emt 0:01:30]} 37. Kh2 {[%emt 0:00:30]} Ra2 {[%emt 0:00:30]} 38. f4 {[%emt 0:01:30]} Rb2 {[%emt 0:00:30]} 39. a5 {[%emt 0:00:30]} Ra2 {[%emt 0:00:30]} 40. a6 {[%emt 0:00:30]} h5 {[%emt 0:00:30]} 41. Rb3 {[%emt 0:03:30]} h4 {[%emt 0:03:30]} 42. Rb6 {[%emt 0:03:30]} Kg6 {[%emt 0:01:38]} 43. Rd7 {[%emt 0:01:30]} Kf7 {[%emt 0:04:14]} 44. Rdd6 {[%emt 0:00:30]} Rg8 {[%emt 0:01:38]} 45. Rxf6+ {[%emt 0:00:30]} Kxe7 {[%emt 0:06:58]} 46. Rg6 {[%emt 0:00:30]} Rd8 {[%emt 0:00:00]} 47. Rb7+ {[%emt 0:00:30]} Kf8 {[%emt 0:00:00]} 48. a7 {[%emt 0:00:30]} Ra5 {[%emt 0:00:00]} 49. Rb8 {[%emt 0:00:30]} Re8 {[%emt 0:00:00]} 50. Rh6 {[%emt 0:00:00]} 1-0

[Event "Istanbul Open 2017"]
[Site "Istanbul"]
[Date "2017.09.11"]
[Round "7"]
[White "Bagci, Hikmet"]
[Black "Kabadayi, Suleyman Arda"]
[Result "1-0"]
[WhiteElo "1706"]
[BlackElo "1579"]
[Annotator "NA RC"]
[PlyCount "67"]
[EventDate "2017.??.??"]
[EventType "swiss"]
[EventCountry "TUR"]
[SourceTitle "playchess.com"]
[Source "ChessBase"]
[SourceQuality "1"]
[TimeControl "5400+30"]

1. e4 {[%emt 0:00:30]} c5 {[%emt 0:01:00]} 2. Nf3 {[%emt 0:00:30]} g6 {[%emt 0:00:30]} 3. d4 {[%emt 0:00:30]} cxd4 {[%emt 0:00:00]} 4. Nxd4 {[%emt 0:00:30]} Bg7 {[%emt 0:00:00]} 5. c4 {[%emt 0:00:00]} Nc6 {[%emt 0:01:30]} 6. Be3 {[%emt 0:00:00]} Nf6 {[%emt 0:00:30]} 7. Nc3 {[%emt 0:00:30]} O-O {[%emt 0:00:30]} 8. Be2 {[%emt 0:00:30]} d6 {[%emt 0:01:30]} 9. h3 {[%emt 0:04:30]} Bd7 {[%emt 0:07:30]} 10. Qd2 {[%emt 0:00:30]} Nxd4 {[%emt 0:03:30]} 11. Bxd4 {[%emt 0:00:30]} Bc6 {[%emt 0:01:30]} 12. f3 {[%emt 0:01:30]} a5 {[%emt 0:08:30]} 13. g4 {[%emt 0:01:30]} e6 {[%emt 0:11:30]} 14. O-O-O {[%emt 0:00:30]} Ne8 {[%emt 0:13:30]} 15. Bxg7 {[%emt 0:00:30]} Kxg7 {[%emt 0:03:30]} 16. h4 {[%emt 0:00:30]} h6 {[%emt 0:05:30]} 17. Kb1 {[%emt 0:00:30]} Qe7 {[%emt 0:06:30]} 18. Rh3 {[%emt 0:06:30]} Rd8 {[%emt 0:07:30]} 19. Qe3 {[%emt 0:03:30]} Qc7 {[%emt 0:07:46]} 20. f4 {[%emt 0:04:30]} f6 {[%emt 0:07:15]} 21. f5 {[%emt 0:03:30]} exf5 {[%emt 0:04:17]} 22. gxf5 {[%emt 0:02:30]} gxf5 {[%emt 0:04:10]} 23. Rg1+ {[%emt 0:01:30]} Kh7 {[%emt 0:00:45]} 24. exf5 {[%emt 0:01:30]} Bd7 {[%emt 0:03:06]} 25. Qf4 {[%emt 0:00:30]} Qc5 {[%emt 0:00:36]} 26. Rf1 {[%emt 0:00:30]} Ng7 {[%emt 0:00:33]} 27. Bd3 {[%emt 0:00:30]} Rde8 {[%emt 0:00:29]} 28. Qg4 {[%emt 0:03:30]} h5 {[%emt 0:00:30]} 29. Qg6+ {[%emt 0:00:30]} Kg8 {[%emt 0:00:31]} 30. Nd5 {[%emt 0:00:30]} Qd4 {[%emt 0:00:29]} 31. Rg3 {[%emt 0:01:30]} Rf7 {[%emt 0:00:22]} 32. Qxh5 {[%emt 0:00:30]} Bc6 {[%emt 0:00:31]} 33. Rfg1 {[%emt 0:01:30]} Re5 {[%emt 0:00:34]} 34. Nxf6+ {[%emt 0:03:30]} 1-0

[Event "Istanbul Open 2017"]
[Site "Istanbul"]
[Date "2017.09.11"]
[Round "7"]
[White "Aslan, Nevzat"]
[Black "Ozen, Medeni"]
[Result "0-1"]
[WhiteElo "1681"]
[BlackElo "1718"]
[Annotator "NA RC"]
[PlyCount "70"]
[EventDate "2017.??.??"]
[EventType "swiss"]
[EventCountry "TUR"]
[SourceTitle "playchess.com"]
[Source "ChessBase"]
[SourceQuality "1"]
[TimeControl "5400+30"]

1. e4 {[%emt 0:00:30]} e5 {[%emt 0:01:00]} 2. Nf3 {[%emt 0:00:30]} Nc6 {[%emt 0:00:30]} 3. Bb5 {[%emt 0:00:30]} a6 {[%emt 0:00:30]} 4. Ba4 {[%emt 0:00:30]} Nf6 {[%emt 0:00:30]} 5. O-O {[%emt 0:00:30]} Be7 {[%emt 0:00:30]} 6. Re1 {[%emt 0:00:30]} b5 {[%emt 0:00:30]} 7. Bb3 {[%emt 0:00:30]} d6 {[%emt 0:00:30]} 8. c3 {[%emt 0:00:30]} O-O {[%emt 0:00:30]} 9. d4 {[%emt 0:00:30]} Nb8 {[%emt 0:00:30]} 10. h3 {[%emt 0:00:30]} Nbd7 {[%emt 0:00:30]} 11. Nbd2 {[%emt 0:00:00]} c5 {[%emt 0:05:30]} 12. Nf1 {[%emt 0:00:00]} cxd4 {[%emt 0:00:30]} 13. cxd4 {[%emt 0:00:30]} exd4 {[%emt 0:00:30]} 14. Nxd4 {[%emt 0:00:30]} Nc5 {[%emt 0:00:30]} 15. Bc2 {[%emt 0:00:30]} Bb7 {[%emt 0:09:30]} 16. Ng3 {[%emt 0:03:30]} g6 {[%emt 0:00:30]} 17. b4 {[%emt 0:05:30]} Ncd7 {[%emt 0:00:30]} 18. Bb2 {[%emt 0:00:30]} Ne5 {[%emt 0:00:30]} 19. Rc1 {[%emt 0:00:30]} Rc8 {[%emt 0:00:30]} 20. Qe2 {[%emt 0:10:30]} Re8 {[%emt 0:19:30]} 21. Bb3 {[%emt 0:00:30]} Qb6 {[%emt 0:00:30]} 22. Kh2 {[%emt 0:03:30]} Rxc1 {[%emt 0:00:30]} 23. Rxc1 {[%emt 0:00:30]} Bf8 {[%emt 0:08:30]} 24. f3 {[%emt 0:13:30]} Bh6 {[%emt 0:06:30]} 25. Rd1 {[%emt 0:14:30]} Bf4 {[%emt 0:00:30]} 26. Qc2 {[%emt 0:00:30]} Rc8 {[%emt 0:00:30]} 27. Qb1 {[%emt 0:00:30]} Nh5 {[%emt 0:00:30]} 28. Nde2 {[%emt 0:00:30]} Qf2 {[%emt 0:00:30]} 29. Nxf4 {[%emt 0:00:30]} Qxg3+ {[%emt 0:01:30]} 30. Kh1 {[%emt 0:00:00]} Nxf4 {[%emt 0:01:30]} 31. Rd2 {[%emt 0:01:00]} Nxf3 {[%emt 0:01:30]} 32. gxf3 {[%emt 0:02:30]} Qxf3+ {[%emt 0:00:30]} 33. Kg1 {[%emt 0:02:30]} Qg3+ {[%emt 0:02:30]} 34. Kh1 {[%emt 0:00:30]} Qf3+ {[%emt 0:00:30]} 35. Kg1 {[%emt 0:00:30]} Qe3+ {[%emt 0:00:00]} 0-1

[Event "Istanbul Open 2017"]
[Site "Istanbul"]
[Date "2017.09.11"]
[Round "7"]
[White "Adanmis, Ezgi"]
[Black "Aydin, Ali Umut"]
[Result "1-0"]
[WhiteElo "1626"]
[BlackElo "1627"]
[Annotator "NA RC"]
[PlyCount "99"]
[EventDate "2017.??.??"]
[EventType "swiss"]
[EventCountry "TUR"]
[SourceTitle "playchess.com"]
[Source "ChessBase"]
[SourceQuality "1"]
[TimeControl "5400+30"]

1. e4 {[%emt 0:00:30]} e6 {[%emt 0:01:00]} 2. d4 {[%emt 0:00:00]} d5 {[%emt 0:00:00]} 3. exd5 {[%emt 0:01:00]} exd5 {[%emt 0:00:00]} 4. Bd3 {[%emt 0:00:00]} Nc6 {[%emt 0:00:00]} 5. Nf3 {[%emt 0:01:00]} Bd6 {[%emt 0:01:00]} 6. O-O {[%emt 0:00:30]} Bg4 {[%emt 0:00:30]} 7. Re1+ {[%emt 0:00:30]} Nge7 {[%emt 0:00:30]} 8. c3 {[%emt 0:01:30]} Qd7 {[%emt 0:00:30]} 9. Nbd2 {[%emt 0:01:30]} O-O-O {[%emt 0:03:30]} 10. b4 {[%emt 0:00:30]} Ng6 {[%emt 0:02:30]} 11. Qa4 {[%emt 0:03:30]} Rde8 {[%emt 0:15:30]} 12. Bb2 {[%emt 0:03:30]} a6 {[%emt 0:04:30]} 13. b5 {[%emt 0:05:30]} Na7 {[%emt 0:00:30]} 14. Ne5 {[%emt 0:14:30]} Bxe5 {[%emt 0:09:30]} 15. dxe5 {[%emt 0:10:30]} Nxe5 {[%emt 0:01:30]} 16. Rxe5 {[%emt 0:00:30]} Rxe5 {[%emt 0:01:30]} 17. Qd4 {[%emt 0:00:30]} Qe6 {[%emt 0:21:30]} 18. Qxa7 {[%emt 0:00:00]} Be2 {[%emt 0:18:41]} 19. Bxe2 {[%emt 0:32:00]} Rxe2 {[%emt 0:00:14]} 20. bxa6 {[%emt 0:13:20]} bxa6 {[%emt 0:06:46]} 21. Qd4 {[%emt 0:02:13]} Re8 {[%emt 0:00:50]} 22. g3 {[%emt 0:01:31]} Qh3 {[%emt 0:02:02]} 23. Rf1 {[%emt 0:01:14]} R8e6 {[%emt 0:01:49]} 24. Ba3 {[%emt 0:03:37]} Rxd2 {[%emt 0:01:53]} 25. Qxd2 {[%emt 0:00:08]} Rh6 {[%emt 0:00:02]} 26. f3 {[%emt 0:00:30]} Qe6 {[%emt 0:02:28]} 27. Bc5 {[%emt 0:01:09]} Qc6 {[%emt 0:01:04]} 28. Bd4 {[%emt 0:00:06]} Qc4 {[%emt 0:01:09]} 29. Qf4 {[%emt 0:01:02]} Qxa2 {[%emt 0:00:26]} 30. Rf2 {[%emt 0:00:16]} Qb1+ {[%emt 0:00:56]} 31. Kg2 {[%emt 0:00:04]} Qg6 {[%emt 0:01:31]} 32. Qg4+ {[%emt 0:01:21]} f5 {[%emt 0:02:00]} 33. Qf4 {[%emt 0:00:20]} Qh5 {[%emt 0:00:22]} 34. h4 {[%emt 0:00:25]} Re6 {[%emt 0:00:27]} 35. Bxg7 {[%emt 0:00:41]} Qg6 {[%emt 0:00:29]} 36. Be5 {[%emt 0:00:28]} Rc6 {[%emt 0:00:09]} 37. Qa4 {[%emt 0:00:43]} Rc4 {[%emt 0:00:23]} 38. Qa5 {[%emt 0:00:19]} Qe6 {[%emt 0:01:13]} 39. Bd4 {[%emt 0:00:18]} h5 {[%emt 0:00:27]} 40. Qa2 {[%emt 0:00:56]} f4 {[%emt 0:00:20]} 41. Re2 {[%emt 0:00:28]} Qg6 {[%emt 0:00:05]} 42. Bf2 {[%emt 0:00:11]} fxg3 {[%emt 0:00:59]} 43. Bxg3 {[%emt 0:00:15]} Rxh4 {[%emt 0:00:39]} 44. Qxd5 {[%emt 0:00:09]} Ra4 {[%emt 0:00:27]} 45. Qa8+ {[%emt 0:01:04]} Kd7 {[%emt 0:00:05]} 46. Rd2+ {[%emt 0:00:17]} Ke7 {[%emt 0:00:12]} 47. Re2+ {[%emt 0:00:49]} Kd7 {[%emt 0:00:24]} 48. Qd5+ {[%emt 0:01:03]} Kc8 {[%emt 0:00:18]} 49. Re6 {[%emt 0:01:00]} Qg8 {[%emt 0:01:33]} 50. Qa8+ {[%emt 0:00:06]} 1-0

[Event "Istanbul Open 2017"]
[Site "Istanbul"]
[Date "2017.09.11"]
[Round "7"]
[White "Toksan, Hayati"]
[Black "Sar, Can"]
[Result "0-1"]
[WhiteElo "1454"]
[BlackElo "1669"]
[Annotator "NA RC"]
[PlyCount "124"]
[EventDate "2017.??.??"]
[EventType "swiss"]
[EventCountry "TUR"]
[SourceTitle "playchess.com"]
[Source "ChessBase"]
[SourceQuality "1"]
[TimeControl "5400+30"]

1. e4 {[%emt 0:17:30]} c5 {[%emt 0:01:00]} 2. Nf3 {[%emt 0:00:30]} g6 {[%emt 0:00:30]} 3. Nc3 {[%emt 0:00:30]} Bg7 {[%emt 0:00:00]} 4. d4 {[%emt 0:01:30]} cxd4 {[%emt 0:00:00]} 5. Nxd4 {[%emt 0:00:30]} Nc6 {[%emt 0:00:30]} 6. Be3 {[%emt 0:00:30]} Nf6 {[%emt 0:00:00]} 7. f3 {[%emt 0:00:00]} O-O {[%emt 0:00:00]} 8. Bc4 {[%emt 0:00:00]} Qb6 {[%emt 0:00:30]} 9. Ncb5 {[%emt 0:20:30]} a6 {[%emt 0:07:30]} 10. Nf5 {[%emt 0:01:30]} Qd8 {[%emt 0:00:30]} 11. Nh6+ {[%emt 0:05:30]} Bxh6 {[%emt 0:02:30]} 12. Bxh6 {[%emt 0:00:30]} axb5 {[%emt 0:00:00]} 13. Bxf8 {[%emt 0:00:30]} Kxf8 {[%emt 0:00:00]} 14. Be2 {[%emt 0:00:30]} Qa5+ {[%emt 0:01:30]} 15. c3 {[%emt 0:01:30]} Qb6 {[%emt 0:01:30]} 16. a3 {[%emt 0:02:30]} d6 {[%emt 0:00:30]} 17. Qb3 {[%emt 0:01:30]} b4 {[%emt 0:04:30]} 18. cxb4 {[%emt 0:05:30]} Nd4 {[%emt 0:00:00]} 19. Qc3 {[%emt 0:00:30]} Bd7 {[%emt 0:01:00]} 20. Rd1 {[%emt 0:02:30]} e5 {[%emt 0:00:30]} 21. Rc1 {[%emt 0:01:30]} Bc6 {[%emt 0:07:30]} 22. Bd1 {[%emt 0:00:30]} Kg7 {[%emt 0:02:30]} 23. a4 {[%emt 0:09:30]} Bxa4 {[%emt 0:00:30]} 24. Ra1 {[%emt 0:02:30]} Bxd1 {[%emt 0:13:30]} 25. Rxa8 {[%emt 0:00:30]} Ba4 {[%emt 0:01:30]} 26. Rxa4 {[%emt 0:03:30]} Qb5 {[%emt 0:00:30]} 27. Qd2 {[%emt 0:00:30]} Qxa4 {[%emt 0:00:00]} 28. O-O {[%emt 0:00:30]} Qb5 {[%emt 0:02:00]} 29. g3 {[%emt 0:01:30]} h5 {[%emt 0:01:30]} 30. Kg2 {[%emt 0:00:39]} Nc6 {[%emt 0:00:30]} 31. Qxd6 {[%emt 0:00:42]} Nxb4 {[%emt 0:00:30]} 32. Qd2 {[%emt 0:02:47]} Nc6 {[%emt 0:02:30]} 33. Ra1 {[%emt 0:01:02]} Nd4 {[%emt 0:02:30]} 34. Ra5 {[%emt 0:01:00]} Qb3 {[%emt 0:00:30]} 35. Ra3 {[%emt 0:07:30]} Qc4 {[%emt 0:00:30]} 36. Rc3 {[%emt 0:01:54]} Qb4 {[%emt 0:00:30]} 37. Rd3 {[%emt 0:01:36]} Qa4 {[%emt 0:01:30]} 38. h3 {[%emt 0:02:27]} Qc6 {[%emt 0:01:30]} 39. Qc3 {[%emt 0:00:43]} Qe6 {[%emt 0:01:30]} 40. Re3 {[%emt 0:01:22]} b5 {[%emt 0:05:30]} 41. Qa5 {[%emt 0:02:43]} Qc6 {[%emt 0:00:30]} 42. Rc3 {[%emt 0:00:25]} Qd6 {[%emt 0:01:30]} 43. Rc8 {[%emt 0:00:48]} Nc6 {[%emt 0:03:30]} 44. Qc3 {[%emt 0:00:50]} Nd4 {[%emt 0:00:30]} 45. Qc5 {[%emt 0:00:36]} Ne8 {[%emt 0:03:30]} 46. Qa7 {[%emt 0:00:48]} Qe6 {[%emt 0:00:30]} 47. Qb8 {[%emt 0:00:32]} Kf8 {[%emt 0:01:30]} 48. Qa8 {[%emt 0:00:28]} b4 {[%emt 0:01:30]} 49. Rc5 {[%emt 0:00:26]} Qe7 {[%emt 0:00:30]} 50. Qd5 {[%emt 0:00:34]} f6 {[%emt 0:02:30]} 51. f4 {[%emt 0:00:14]} Ne6 {[%emt 0:00:30]} 52. Rc2 {[%emt 0:00:40]} exf4 {[%emt 0:00:30]} 53. g4 {[%emt 0:00:40]} h4 {[%emt 0:01:30]} 54. Re2 {[%emt 0:00:31]} Ng5 {[%emt 0:00:30]} 55. Re1 {[%emt 0:00:25]} f3+ {[%emt 0:00:30]} 56. Kf2 {[%emt 0:00:20]} Qa7+ {[%emt 0:00:30]} 57. Re3 {[%emt 0:00:31]} Nxh3+ {[%emt 0:00:30]} 58. Kxf3 {[%emt 0:00:20]} Ng5+ {[%emt 0:00:30]} 59. Ke2 {[%emt 0:00:12]} Qa6+ {[%emt 0:01:30]} 60. Kd2 {[%emt 0:01:11]} Qd6 {[%emt 0:00:00]} 61. Qxd6+ {[%emt 0:00:31]} Nxd6 {[%emt 0:00:00]} 62. e5 {[%emt 0:00:05]} Nc4+ {[%emt 0:00:00]} 0-1

[Event "Istanbul Open 2017"]
[Site "Istanbul"]
[Date "2017.09.16"]
[Round "8"]
[White "Benidze, Davit"]
[Black "Erden, Kadir"]
[Result "1-0"]
[WhiteElo "2520"]
[BlackElo "2283"]
[Annotator "TA"]
[PlyCount "34"]
[EventDate "2017.??.??"]
[EventType "swiss"]
[EventCountry "TUR"]
[SourceTitle "playchess.com"]
[Source "ChessBase"]
[SourceQuality "1"]

1. d4 {Program Activation Required} d5 2. c4 e6 3. Nf3 Nf6 4. g3 Bb4+ 5. Bd2 Bd6 6. Nc3 O-O 7. Qc2 c6 8. Bg2 Nbd7 9. O-O Qe7 {E01: Katalanisch} (9... dxc4 10. Rfd1 Qc7 11. Ng5 Be7 12. a4 e5 13. a5 exd4 14. Bf4 Bd6 15. Rxd4 Bxf4 16. Rxf4 h6 17. Nf3 {½-½ (31) Kramnik,V (2810)-Ivanchuk,V (2757) London 2013}) 10. e4 $146 ({Vorgänger:} 10. Rfe1 dxc4 11. Bg5 h6 12. Bxf6 Nxf6 13. Nd2 e5 14. d5 cxd5 15. Nxd5 Nxd5 16. Bxd5 Rd8 17. Nxc4 {1-0 (34) Arjun,V (2157)-Rizzitano,J (2296) Chicago 2017}) 10... Nxe4 11. Nxe4 dxe4 12. Qxe4 f5 13. Qc2 e5 14. c5 Bc7 15. dxe5 Nxe5 16. Nxe5 Bxe5 17. Rfe1 Qc7 1-0

[Event "Istanbul Open 2017"]
[Site "Istanbul"]
[Date "2017.09.16"]
[Round "8"]
[White "Benidze, Davit"]
[Black "Erden, Kadir"]
[Result "*"]
[WhiteElo "2520"]
[BlackElo "2283"]
[Annotator "TA"]
[PlyCount "24"]
[EventDate "2017.??.??"]
[EventType "swiss"]
[EventCountry "TUR"]
[SourceTitle "playchess.com"]
[Source "ChessBase"]
[SourceQuality "1"]

{[%evp 15,16,-8,-5]} 1. d4 d5 2. c4 e6 3. Nf3 Nf6 4. g3 Bb4+ 5. Bd2 Bd6 (5... Be7 6. Bg2 O-O 7. O-O Nbd7 8. Bf4 c6 9. Nc3 b6 10. cxd5 exd5 11. Rc1 Bb7 12. Qc2 Re8 13. Rfd1 Nf8 14. e4 dxe4 15. Ne5 Nd5 16. Nxe4 Ne6 17. Be3 Rc8 18. Qb3 Bf8 19. Nc3 Nxe3 20. fxe3 Rc7 21. Kh1 {1-0 (54) Dominguez Perez,L (2739)-Caruana,F (2807) Saint Louis 2017}) 6. Nc3 {E01: Catalan: Early deviations} O-O 7. Qc2 c6 8. Bg2 Nbd7 {LiveBook: 5 Games} {Predecessor:} 9. b3 $146 dxc4 10. bxc4 e5 11. dxe5 Nxe5 12. Nxe5 Bxe5 {1-0 (54) Naumann,A (2545)-Bruzon Batista,L (2659) Berlin 2015} *

[Event "Istanbul Open 2017"]
[Site "Istanbul"]
[Date "2017.09.16"]
[Round "8"]
[White "Maghalashvili, Davit"]
[Black "Bicer, Atakan Mert"]
[Result "1-0"]
[WhiteElo "2512"]
[BlackElo "1842"]
[Annotator "TA"]
[PlyCount "77"]
[EventDate "2017.??.??"]
[EventType "swiss"]
[EventCountry "TUR"]
[SourceTitle "playchess.com"]
[Source "ChessBase"]
[SourceQuality "1"]

{[%evp 22,77,24,27,50,50,56,31,56,35,56,50,23,9,18,17,39,29,30,14,22,0,39,12,41,18,102,53,70,18,15,0,154,150,153,143,192,150,140,154,171,174,301,304,380,380,383,380,484,490,492,490,487,483,470,464,445,445]} 1. Nf3 d5 2. g3 c6 3. Bg2 g6 4. O-O Bg7 5. d4 Nf6 6. c4 O-O 7. cxd5 cxd5 8. Ne5 Nc6 9. Nxc6 bxc6 10. Nc3 Bf5 11. Bf4 Nd7 12. Na4 {LiveBook: 12 Games. D79: Fianchetto Grünfeld: Symmetrical Variation (6 0-0 c6 7 cxd5 cxd5)} (12. Qd2 Qb6 13. Rfd1 Rfe8 14. Rac1 e5 15. dxe5 Nxe5 16. b3 Ng4 17. Rf1 Qa6 18. h3 Nf6 19. e3 Be4 {½-½ (52) Petrosian,T (2595)-Nyzhnyk,I (2612) Las Vegas 2017}) 12... f6 13. Rc1 e5 14. Be3 {White is slightly better.} Rc8 15. dxe5 fxe5 16. Bxa7 Qa5 17. Bc5 Nxc5 18. Rxc5 Qa6 $146 ({Predecessor:} 18... Qd8 19. Qb3 Kh8 {0-1 (56) Plonczak,D (2196)-Niekras,D (1712) Poznan 2010}) 19. e4 dxe4 20. Nc3 Qb6 21. Na4 $36 {[%mdl 2048] White has some pressure.} Qa6 22. b3 Rfd8 23. Qc1 Qd3 (23... Bf8 $11 {keeps the balance.}) 24. Re1 Qd2 25. Qxd2 (25. Nb6 $14 e3 26. fxe3 (26. Rxe3 Qxc1+ 27. Rxc1 Rb8 $11)) 25... Rxd2 $11 26. Nc3 (26. Bxe4 Bxe4 27. Rxe4 Rf8 $17) 26... Rc2 $2 {[#]} (26... e3 $11 27. fxe3 (27. Rxe3 e4 $15) 27... Bf8) 27. Bxe4 $16 Bxe4 28. Rxe4 Rd8 29. Re2 ({Don't take} 29. Rxc6 $6 Rdd2 $16) 29... Rxe2 30. Nxe2 {[%mdl 4096] Endgame KRB-KRN} Rd2 31. Nc3 Rc2 (31... e4 {was worth a try.} 32. Nxe4 Rxa2 33. Rxc6 Ra8) 32. a4 $18 {[%cal Ba2a4,Ba4a5,Ba5a6,Ba6a7][%mdl 32]} ({Not} 32. Rxc6 e4 $16) 32... Rb2 33. a5 Rxb3 34. Rxc6 Ra3 35. a6 {White is clearly winning.} Ra5 36. Rb6 Bf8 37. Nb5 Bc5 38. Rb8+ Kg7 {[#]} 39. a7 $1 {[%mdl 512] Precision: White = 54%, Black = 40%.} 1-0

[Event "Istanbul Open 2017"]
[Site "Istanbul"]
[Date "2017.09.16"]
[Round "8"]
[White "Maghalashvili, Davit"]
[Black "Bicer, Atakan Mert"]
[Result "*"]
[WhiteElo "2512"]
[BlackElo "1842"]
[Annotator "TA"]
[PlyCount "38"]
[EventDate "2017.??.??"]
[EventType "swiss"]
[EventCountry "TUR"]
[SourceTitle "playchess.com"]
[Source "ChessBase"]
[SourceQuality "1"]

{[%evp 21,23,20,20,19]} 1. Nf3 d5 2. g3 c6 3. Bg2 g6 4. O-O Bg7 5. d4 Nf6 6. c4 O-O 7. cxd5 cxd5 8. Ne5 Nc6 9. Nxc6 bxc6 10. Nc3 Bf5 11. Bf4 Nd7 {LiveBook: 26 Games} 12. Na4 {D79: Fianchetto Grünfeld: Symmetrical Variation (6 0-0 c6 7 cxd5 cxd5)} {Predecessor:} e5 $146 13. dxe5 Nxe5 14. Rc1 Rc8 15. b3 Re8 16. Qd2 h5 17. h3 Nd7 18. Be3 a6 19. Rfe1 Kh7 {0-1 (45) Anton Guijarro,D (2559)-Zhigalko,S (2671) Yerevan 2014} *

[Event "Istanbul Open 2017"]
[Site "Istanbul"]
[Date "2017.09.16"]
[Round "8"]
[White "Rasulov, Vugar"]
[Black "Guseynov, Alihan"]
[Result "*"]
[WhiteElo "2504"]
[BlackElo "2333"]
[Annotator "TA"]
[PlyCount "42"]
[EventDate "2017.??.??"]
[EventType "swiss"]
[EventCountry "TUR"]
[SourceTitle "playchess.com"]
[Source "ChessBase"]
[SourceQuality "1"]

1. d4 {Program Activation Required} Nf6 2. Nf3 g6 3. c4 Bg7 4. Nc3 O-O 5. e4 d6 6. h3 c5 7. d5 e6 8. Bd3 exd5 9. cxd5 b5 {A70: Benoni (Hauptsystem)} 10. Nxb5 Nxe4 {Vorgänger:} 11. Bxe4 $146 Re8 12. Ng5 Qa5+ 13. Nc3 Ba6 14. Bd2 Nd7 15. Qc2 Rab8 16. O-O-O Ne5 17. Rhe1 Rec8 18. Na4 Rb4 19. f4 Nc4 20. Bf5 Rcb8 21. Bxb4 Qxb4 {½-½ (37) Jobava,B (2717)-Mamedyarov,S (2764) Tashkent 2014} *

[Event "Istanbul Open 2017"]
[Site "Istanbul"]
[Date "2017.09.16"]
[Round "8"]
[White "Shanava, Konstantine"]
[Black "Abasov, Nijat"]
[Result "*"]
[WhiteElo "2504"]
[BlackElo "2575"]
[Annotator "TA"]
[PlyCount "31"]
[EventDate "2017.??.??"]
[EventType "swiss"]
[EventCountry "TUR"]
[SourceTitle "playchess.com"]
[Source "ChessBase"]
[SourceQuality "1"]

{[%evp 14,16,-35,-83,-84]} 1. e4 e5 2. Nc3 Nc6 3. Nge2 Nf6 4. g3 d5 5. exd5 Nxd5 6. Bg2 Be6 7. O-O Qd7 8. d3 O-O-O {C26: Vienna Game: 2...Nf6, sidelines} {Predecessor:} 9. f4 $146 Bc5+ 10. Kh1 Ne3 11. Bxe3 Bxe3 12. fxe5 h5 13. Nf4 Nxe5 14. Ncd5 Bxf4 15. Nxf4 h4 16. Qe1 {½-½ (41) Alexeev,A (2297)-Kigel,D (2198) Alushta 2011} *

[Event "Istanbul Open 2017"]
[Site "Istanbul"]
[Date "2017.09.16"]
[Round "8"]
[White "Shanava, Konstantine"]
[Black "Abasov, Nijat"]
[Result "0-1"]
[WhiteElo "2504"]
[BlackElo "2575"]
[Annotator "TA"]
[PlyCount "82"]
[EventDate "2017.??.??"]
[EventType "swiss"]
[EventCountry "TUR"]
[SourceTitle "playchess.com"]
[Source "ChessBase"]
[SourceQuality "1"]

1. e4 {Program Activation Required} e5 2. Nc3 Nc6 3. Nge2 Nf6 4. g3 d5 5. exd5 Nxd5 6. Bg2 Be6 7. O-O Qd7 8. d3 O-O-O {C26: Wiener Partie} 9. f4 Bc5+ 10. Kh1 Ne3 11. Bxe3 Bxe3 12. fxe5 Bg4 $146 ({Vorgänger:} 12... h5 13. Nf4 Nxe5 14. Ncd5 Bxf4 15. Nxf4 h4 16. Qe1 {½-½ (41) Alexeev,A (2297)-Kigel,D (2198) Alushta 2011}) 13. Qe1 Rhe8 14. Nf4 Rxe5 15. Nfd5 Bd4 16. Qd2 Be6 17. Nf4 Be3 18. Qd1 Bg4 19. Qxg4 Qxg4 20. Bh3 Qxh3 21. Nxh3 f6 22. Ng1 Nd4 23. Nf3 Nxc2 24. Nxe5 Nxa1 25. Rxa1 fxe5 26. Rd1 Bd4 27. Kg2 a6 28. Rc1 c6 29. Rc2 Ba7 30. Re2 Rxd3 31. Rxe5 Bd4 32. Re7 Rd2+ 33. Kf3 Rf2+ 34. Kg4 Rxh2 35. Ne4 Rxb2 36. a4 a5 37. Kf5 Kb8 38. Rd7 Rb4 39. Nd6 Bc5 40. Ne4 g6+ 41. Ke5 Bb6 0-1